|
|
|
|
| LEADER |
01062nam a22003012a 4500 |
| 001 |
000104643 |
| 003 |
CZ BrMZK |
| 005 |
20211005120123.0 |
| 007 |
ta |
| 008 |
950101s1988 xr f cze d |
| 015 |
|
|
|a cnb000047967
|
| 040 |
|
|
|a BOA001
|b cze
|
| 080 |
9 |
|
|a 23/28:05
|
| 080 |
9 |
|
|a 016
|
| 100 |
1 |
|
|a Smolík, Josef,
|d 1922-2009
|7 jk01120121
|4 aut
|
| 245 |
1 |
0 |
|a Úvod do studia bohosloví :
|b bibliografie.
|n Díl 2 /
|c připravil Josef Smolík ; spolupracovali Kateřina Doležalová a Martin Prudký
|
| 250 |
|
|
|a 1. vyd.
|
| 260 |
|
|
|a Praha :
|b Ústřední církevní nakladatelství,
|c 1988
|
| 300 |
|
|
|a 312 s.
|
| 550 |
|
|
|a Vydavatel: Kalich
|
| 700 |
1 |
|
|a Doležalová, Kateřina,
|c bohosloví
|4 edt
|
| 700 |
1 |
|
|a Prudký, Martin,
|d 1960-
|7 jn20000402062
|4 edt
|
| 710 |
2 |
|
|a Kalich, nakladatelství a knihkupectví
|7 ko2002149284
|
| 910 |
|
|
|a BOA001
|b 2-0947.308,2
|
| 964 |
|
|
|a Teologie - časopisy - bibliografie
|
| 990 |
|
|
|a BK
|
| 991 |
|
|
|b 200607
|
| 996 |
6 |
|
|b 2619998148
|c 2-0947.308,2
|l MZK
|r Sklad / do 1 hodiny
|n 9
|w 000104643
|u 000010
|a 1
|e BOA001
|j MZK50
|s P
|